| 000 | 00596nam a2200217 a 4500 | ||
|---|---|---|---|
| 005 | 20210219152956.0 | ||
| 008 | 991125n 000 0 u | ||
| 035 | _aUPN01000070173 | ||
| 100 | _aWilson, Brent | ||
| 222 | 0 | _aEDUCATIONAL TECHNOLOGY RESEARCH AND DEVELOPMENT | |
| 245 | 0 | _aCritical review of elaboration theory | |
| 300 | _a63-79 | ||
| 362 | _a40, No. 3, 1992 | ||
| 505 | _aSeptiembre 1993 | ||
| 653 | 0 | _aENSEĆANZA PROGRAMADA | |
| 653 | 0 | _aPSICOLOGIA COGNOSCITIVA | |
| 653 | 0 | _aSEQUENTIAL APPROACH | |
| 700 | _aCole, Peggy | ||
| 904 |
_aAC _b007984 |
||
| 905 | _aArticulo | ||
| 999 |
_c65263 _d65263 |
||